00574nam a22001577a 450000500170000001000150001702000270003203500140005903700090007308200100008210000250009224500900011726000510020727001310025830000270038920240703162307.0 aENG-140741 c2495.00a9788196915346 aEN-124273 bDBAD a633.1 aChattopadhyay, P. K. aMillet Production, Processing and Value-Added Products Handbook/cP. K. Chattopadhyay aDelhibNiir Project Consultancy Servicesc2019 bDelhia106-E, Opp. Spark Mall, Kamla Nagare110007k01123842955k01123845886k08800733955mnpcs.india@gmail.comminfo@niir.org axxvi, 510p.c21cm (pb)